000 00601nam a2200193 a 4500
001 1092
005 20140414131918.0
008 041020s19uu xx 00 eng d
020 _a0-307-25176-4
050 _aER
_bL78 1999
100 _aAndersen, Joel
245 _aLord is my shepherd! (The) :
_bfrom Psalm 23 /
_cby Joel Andersen ; illustrated by Kristi Carter & Joel Anderson.
260 _aNew York :
_bA Golden Book,
_c1999.
300 _a1 v. p. : ill. ; cm.
440 _aGolden Psalms Books
650 _aPrayer
_xJuvenile literature.
650 _aChildren's prayer.
999 _c111596
_d111596